| 000 | 00469nam a2200169 a 4500 | ||
|---|---|---|---|
| 005 | 20210223123641.0 | ||
| 008 | 991125s1971 ea 000 0 eng u | ||
| 035 | _aUPN01000057584 | ||
| 049 | _aI | ||
| 050 | 4 |
_aQL666 C5 _bT8.7 |
|
| 245 | 0 | 0 | _aTurtles. |
| 260 |
_aGlenview [E.U.A.] : _bScott Foresman, _c1971. |
||
| 300 | _a32 p. | ||
| 440 | 0 |
_aScott Foresman reading systems. _pLevel, Book ; _v8 |
|
| 650 | 4 |
_aTORTUGAS - _vLITERATURA INFANTIL _98591 |
|
| 905 | _aInfantil | ||
| 999 |
_c57584 _d57584 |
||